La primera década del gobierno de Hugo Chávez: logros y desaciertos /

Guardado en:
Bibliografiske detaljer
Hovedforfatter: Ellner, Steve
Format: Texto
Tags: Tilføj Tag
Ingen Tags, Vær først til at tagge denne postø!

MARC

LEADER 00000 a a2200000 04500
001 46367
003
040
100 |a Ellner, Steve  
245 |a La primera década del gobierno de Hugo Chávez:   |b logros y desaciertos /  |c Steve Ellner  
773 |g volumen27, número74 ( , 2010), páginas 27-50  
999 |c 37870  |d 37870